Statistics for Largest Cities Ending in "S"

Click here to take the quiz!

General Stats

  • This quiz has been taken 93 times
  • The average score is 10 of 15

Answer Stats

RegionPop.City% Correct
Western Europe11,400,000Paris
93%
Northern America17,800,000Los Angeles
90%
South America16,300,000Buenos Aires
85%
North America7,100,000Dallas
79%
Western Africa18,800,000Lagos
79%
Southern Europe3,350,000Athens
75%
South America3,775,000Caracas
73%
Southern Europe5,200,000Naples
68%
Northern Africa3,900,000Algiers
65%
Northern Africa2,625,000Tunis
64%
Northern America2,250,000Las Vegas
55%
Western Asia3,750,000Damascus
46%
Northern America3,150,000Minneapolis
39%
Northern America2,350,000St. Louis
33%
South America3,175,000Campinas
13%

Score Distribution

Percentile by Number Answered

Percent of People with Each Score

Your Score History

You have not taken this quiz